| 000 | 02825nam0a2200409 i 4500 | ||
|---|---|---|---|
| 001 | RU\NLR\bibl\1909715 | ||
| 005 | 20260406013448.0 | ||
| 010 |
_a9785942115524 _9300 |
||
| 021 |
_aRU _b2012-33832 _92516 |
||
| 035 | _a(nilc)RSL-KNO-005437607 | ||
| 035 | _a(NLR Aleph) 001899264 | ||
| 090 |
_a3026206 _c3026206 |
||
| 100 | _a20120521d2012 u y0rusy50 ca | ||
| 101 | 0 | _arus | |
| 102 | _aRU | ||
| 105 | _aa ||||||||| | ||
| 200 | 1 |
_aПрименение программных продуктов для прикладных задач математического моделирования _eучебное пособие _fО.Г. Быкова _gМ-во образования и науки Рос. Федерации, Федер. гос. бюджет. образоват. учреждение высш. проф. образования Нац. минер.-сырьевой ун-т "Горный" |
|
| 210 |
_aСанкт-Петербург _cНациональный минерально-сырьевой университет "Горный" _d2012 |
||
| 215 |
_a51, [7] с. _cил. _d20 |
||
| 320 | _aБиблиогр. в конце кн. | ||
| 606 |
_aMICROSOFT EXCEL, электронные таблицы _jУчебные издания для высших учебных заведений _92071197 _3RU\NLR\auth\661245948 |
||
| 606 |
_aMATHCAD, пакет прикладных программ _jУчебные издания для высших учебных заведений _92077446 _3RU\NLR\auth\661253075 |
||
| 606 | 1 |
_aОбыкновенные дифференциальные уравнения _jУчебные издания для высших учебных заведений _xИнтегрирование _92527567 _3RU\NLR\auth\661497337 |
|
| 606 | 1 |
_aОбыкновенные дифференциальные уравнения _jУчебные издания для высших учебных заведений _xКоши задача _xРешение _xЧисленные методы _92142666 _3RU\NLR\auth\661291261 |
|
| 606 | 1 |
_aОбыкновенные дифференциальные уравнения _jУчебные издания для высших учебных заведений _xКраевые задачи _xРешение _xЧисленные методы _92486006 _3RU\NLR\auth\661475416 |
|
| 686 |
_aВ192.1с31я73-1 _2rubbk |
||
| 686 | _aВ161.61я73-1 | ||
| 686 | _aЗ973.233-018.2я73-1 | ||
| 686 | _aВ192.1с116я73-1 | ||
| 700 | 1 |
_4070 _8rus _7ca _aБыкова _bО. Г. _cканд. техн. наук _gОльга Георгиевна _3RU\NLR\auth\77118939 _9101864 |
|
| 801 | 0 |
_aRU _bRuMoRKP _c20120521 _grcr |
|
| 801 | 1 |
_aRU _bРГБ _c20120521 |
|
| 801 | 2 |
_aRU _bNLR _c20120531 _grcr |
|
| 830 | _aавт. по кн. | ||
| 942 | _cBOOK | ||
| 980 | _aNBR | ||